Kabir and the Kabir panth / (Record no. 23729)

MARC details
000 -LEADER
fixed length control field 00566cam a22002177 4500
001 - CONTROL NUMBER
control field 10050181
003 - CONTROL NUMBER IDENTIFIER
control field BDDh-ASL
005 - DATE AND TIME OF LATEST TRANSACTION
control field 20231015030259.0
008 - FIXED-LENGTH DATA ELEMENTS--GENERAL INFORMATION
fixed length control field 901205s1953 ii 000 0 eng
010 ## - LIBRARY OF CONGRESS CONTROL NUMBER
LC control number ltf90017773
040 ## - CATALOGING SOURCE
Original cataloging agency DLC
Transcribing agency DLC
Modifying agency DLC
-- BDDh-ASL
050 00 - LIBRARY OF CONGRESS CALL NUMBER
Classification number 4BL 552
082 ## - DEWEY DECIMAL CLASSIFICATION NUMBER
Classification number 922
Item number WEK
100 1# - MAIN ENTRY--PERSONAL NAME
Personal name Westcott, G. H.
245 00 - TITLE STATEMENT
Title Kabir and the Kabir panth /
250 ## - EDITION STATEMENT
Edition statement [2d ed.]
260 ## - PUBLICATION, DISTRIBUTION, ETC.
Place of publication, distribution, etc. Calcutta :
Name of publisher, distributor, etc. Susil Gupta,
Date of publication, distribution, etc. [1953]
300 ## - PHYSICAL DESCRIPTION
Extent 145 p. :
Dimensions 22 cm.
906 ## - LOCAL DATA ELEMENT F, LDF (RLIN)
a 0
b cbc
c premunv
d u
e ncip
f 19
g y-gencatlg
942 ## - ADDED ENTRY ELEMENTS (KOHA)
Source of classification or shelving scheme Dewey Decimal Classification
Koha item type Books
Holdings
Withdrawn status Lost status Source of classification or shelving scheme Damaged status Not for loan Collection code Home library Current library Shelving location Date acquired Source of acquisition Total Checkouts Full call number Barcode Date last seen Copy number Price effective from Koha item type Public note
    Dewey Decimal Classification Damaged   Non-fiction Asiatic Society Library Asiatic Society Library General Stacks 04/03/2021 ASB Library Collections   922 WEK 108238 04/03/2021 C-1 04/03/2021 Books RARE

Powered by Koha